|
|
|
|
| LEADER |
00658nab a2200205 i 4500 |
| 001 |
acta29331 |
| 005 |
20250619102530.0 |
| 008 |
161017s1989 hu o 000 hun d |
| 022 |
|
|
|a 0237-4951
|
| 040 |
|
|
|a SZTE Egyetemi Kiadványok Repozitórium
|b hun
|
| 041 |
|
|
|a hun
|
| 100 |
1 |
|
|a Takáts József
|
| 245 |
1 |
0 |
|a Egy költészet körülhatárolása
|h [elektronikus dokumentum] /
|c Takáts József
|
| 260 |
|
|
|c 1989
|
| 300 |
|
|
|a 166-171
|
| 490 |
0 |
|
|a Harmadkor
|
| 650 |
|
4 |
|a Bölcsészettudományok
|
| 650 |
|
4 |
|a Nyelvek és irodalom
|
| 695 |
|
|
|a Magyar irodalom - esszé
|
| 856 |
4 |
0 |
|u http://acta.bibl.u-szeged.hu/29331/1/harmadkor_ant_166-171.pdf
|z Dokumentum-elérés
|